Score 0/10 Timer 05:00
0 Plays Today
% Correct
Robin Hood
98%
James Bond
97.6%
The Grinch
97.5%
Willy Wonka
95.8%
The Mad Hatter
95.3%
Oliver Twist
90.1%
Professor Albus Dumbledore
89.5%
Mowgli
88.1%
Jay Gatsby
87.2%
Elizabeth Bennet
49.4%
Remove Ads.
Support Sporcle.
Get the best of Sporcle when you Go Orange. This ad-free experience offers more features, more stats, and more fun while also helping to support Sporcle. Thank you for becoming a member.

You're not logged in!

Compare scores with friends on all Sporcle quizzes.
OR
Log In

Show Comments

Extras

Top Quizzes Today


Score Distribution

Your Account Isn't Verified!

In order to create a playlist on Sporcle, you need to verify the email address you used during registration. Go to your Sporcle Settings to finish the process.

Report this User

Report this user for behavior that violates our Community Guidelines.

Details: